000 01213cab a2200265 4500
001 ABS55714
008 090401t1996 xxu||||| |||| 00| 0 eng d
035 _a(Sirsi) u18260
041 _aeng
245 _aOcean Accident & Guarantee Corporation v Next plc; Commercial Union Assurance Co plc v Next plc
260 _c1996
350 _a0
490 _aEstates Gazette
_v(1996) 33 EG 91-95(5)
520 _aChD 23 November 1995. Applications for leave to appeal againstst arbitrators` awards under Arbitration Act 1979 s1(3)(b). Tenant N sought extension of time for appeal. Raised issue of whether tenants fixture and fittings should be taken into account when preparing rent reviews containing standard to a mumber of leases between the parties and associated companies. Held that tenant`s fixure and fittings were not be be rentalised. Extension of time application allowed.
650 _aARBITRATION ACT 1979 S1(3)(B)
650 _aDISREGARDS
650 _aFIXTURE AND FITTINGS
650 _aRENT REVIEWS
650 _aRENTALISATION
650 _aTENANTS IMPROVEMENTS
650 _aTRADE FIXTURES
690 _aLANDLORD AND TENANT-CASE LAW-RENT REVIEWS
942 _n0
948 _c04/03/1997
999 _c12118
_d12118